Colonoscopy : diagnosis and treatment of colonic diseases

Uloženo v:
Podrobná bibliografie
Hlavní autor: Shinya, Hiromi
Médium: Kniha
Jazyk:Undetermined
Vydáno: New York Igaku-Shoin 1982
Témata:
Tagy: Přidat tag
Žádné tagy, Buďte první, kdo otaguje tento záznam!
Thư viện lưu trữ: Trung tâm Học liệu Trường Đại học Cần Thơ
LEADER 00521nam a2200193Ia 4500
001 CTU_95130
008 210402s9999 xx 000 0 und d
082 |a 616.3 
082 |b S555 
100 |a Shinya, Hiromi 
245 0 |a Colonoscopy : 
245 0 |b diagnosis and treatment of colonic diseases 
245 0 |c Hiromi Shinya. 
260 |a New York 
260 |b Igaku-Shoin 
260 |c 1982 
650 |a Colonoscopy,Colonic diseases. 
904 |i Năm 
980 |a Trung tâm Học liệu Trường Đại học Cần Thơ